| 000 | 01776cam a2200385 i 4500 | ||
|---|---|---|---|
| 999 |
_c5861 _d5861 |
||
| 001 | ocn495436337 | ||
| 003 | OCoLC | ||
| 005 | 20200831224147.0 | ||
| 008 | 180730s2009 ne ah b 001 0 eng d | ||
| 010 | _a 2018296824 | ||
| 020 | _a9004177019 | ||
| 020 | _a9789004177017 | ||
| 035 | _a(OCoLC)495436337 | ||
| 040 |
_aYDXCP _beng _erda _cTZ-ArACH |
||
| 042 | _alccopycat | ||
| 049 | _aTZAA | ||
| 050 | 0 | 0 |
_aKZA1348 _b.G76 2009 |
| 100 | 1 |
_aGrotius, Hugo, _d1583-1645, _eauthor. |
|
| 245 | 1 | 0 |
_aMare liberum, 1609-2009 / _cHugo Grotius ; edited and annotated by Robert Feenstra ; with a general introduction by Jeroen Vervliet. |
| 300 |
_alxv, 178 pages : _billustrations (chiefly color), facsimiles ; _c27 cm |
||
| 500 | _a"Original Latin text (facsimile of the first edition, 1609) and modern English translation." | ||
| 504 | _aIncludes bibliographical references and indexes. | ||
| 505 | 0 | _aGeneral introduction / Jeroen Vervliet (p. ix-xxviii): 1. The political setting and origins of Mare liberum -- 2. Legal argument in Mare liberum -- 3. Aftermath, bilateral negotiations and a battle of books around Mare liberum -- Editor's introduction / Robert Feenstra (p. xxxi-lxiv) -- Edition of the Latin text and English translation on facing pages. | |
| 600 | 1 | 0 |
_aGrotius, Hugo, _d1583-1645. _tMare liberum. |
| 630 | 0 | 7 |
_aMare liberum (Grotius, Hugo) _2fast |
| 650 | 0 | _aFreedom of the seas. | |
| 650 | 0 | _aLaw of the sea. | |
| 650 | 7 |
_aFreedom of the seas. _2fast |
|
| 650 | 7 |
_aLaw of the sea. _2fast |
|
| 700 | 1 | 2 |
_aGrotius, Hugo, _d1583-1645. _tMare liberum. |
| 700 | 1 | 2 |
_aGrotius, Hugo, _d1583-1645. _tMare liberum. _lEnglish. |
| 700 | 1 |
_aFeenstra, Robert, _d1920-2013, _eeditor. |
|
| 700 | 1 |
_aVervliet, Jeroen, _ewriter of introduction. |
|
| 942 |
_2lcc _cBOOK |
||